00407nam a22001337a 450000500170000000800410001708200210005810000210007924500720010025000090017226000640018130000110024565000170025620240416042303.0240314b |||||||| |||| 00| 0 eng d 222a323.4.bANT. aFernando, Anton. aA guide to human rights and the humanitarian law :cAnton Fernando. a1st. aColombo ;bCenter for legal and social Development /c1990. a59 p., aHuman rights